| 000 | 00556nab a2200217 a 4500 | ||
|---|---|---|---|
| 005 | 20210219160816.0 | ||
| 008 | 991125s1985 mx 000 0 spa u | ||
| 035 | _aUPN01000173188 | ||
| 100 | 1 | _aFrabetti, Carlo | |
| 222 | _aUNO : | ||
| 222 | _bREVISTA DE DIDACTICA DE LAS MATEMATICAS | ||
| 245 | _aLiteratura y matemáticas | ||
| 260 | _aBarcelona, España | ||
| 300 | _a42-46 | ||
| 362 | 0 | _a2009 Año 13, no. 50, ene. | |
| 653 | 0 | _aMATEMATICA | |
| 653 | 0 | _aSISTEMA DECIMAL | |
| 653 | 0 | _aLECTURA | |
| 653 | 0 | _aESCRITURA | |
| 905 | _aArticulo | ||
| 999 |
_c145292 _d145292 |
||